000 00835nam a2200253 a 4500
001 15746
003 BD-RjUL
005 20211208235858.0
008 140210r19631957nyu 001 0 eng
035 _a(BD-RjUL)15801
040 _aDLC
_cDLC
_dBD-RjUL
_beng
041 _aeng
082 0 0 _a658.3
_bSIA 1963
_223
100 1 _aSimon, Herbert A.
_q(Herbert Alexander),
_d1916-2001.
_916103
245 1 0 _aAdministrative behavior :
_ba study of decision-making processes in administrative organization /
_cWith a foreword by Chester I. Barnard.
250 _a2d ed., with new introd.
260 _aNew York :
_bMacmillan,
_cc1957 [Printing 1963,1965, 1967].
300 _axlviii, 259 p. ;
_c22 cm.
500 _aIncludes index.
650 0 _aManagement.
_948854
942 _2ddc
_cBK
999 _c15746
_d15746